000 00822nam a2200229Ii 4500
003 JO-AjNU
008 230605s9999||||xx |||||||||||||| ||und||
017 _a38720
020 _a9957-16-122-9
040 _aJO-AjNU
_bara
_erda
_cJO-AjNU
041 _aara
050 1 4 _aHF5679.A2276 2009
100 3 _aقاسم، عبدالرزاق محمد,
_eauthor
_928299
245 0 0 _aتحليل وتصميم نظم المعلومات المحاسبية
250 _aط1 الاصدارالرابع
264 3 1 _aعمان: دتر الثقافة للنشر والتوزيع، 2009
300 _a416ص
_bيحتوي على ببلوغرافية من ص413-416ص
336 _atext
_btxt
_2rdacontent
337 _aunmediated
_bn
_2rdamedia
338 _avolume
_bnc
_2rdacarrier
650 4 _aالمحاسبة المالية
_928300
999 _aA10958
_c14526
_d14526